Statistiken für Figuren der griechischen Mythologie

Klicken Sie hier um das Quiz zu spielen!

Allgemein

  • Dieses Quiz wurde 793 mal gespielt
  • Das Durchschnittsergebnis liegt bei 12 aus 20

Antwortstatistiken

Hinweis Antwort % Korrekt
Sie öffnete eine Büchse voller ÜbelPandora
85%
Ihr Anblick ließ jeden zu Stein erstarrenMedusa
82%
War als schönste Frau der Welt
die Ursache für den Trojanischen Krieg
Helena
80%
Flog zu nahe an die Sonne heranIkarus
80%
Hatte einen langen und kuriosen HeimwegOdysseus
80%
Geflügeltes Pferd, das von Bellerophon geritten wurdePegasus
75%
Stützt das Himmelsgewölbe
(nicht die Erde)
Atlas
71%
Tötet seinen Vater und heiratet seine MutterÖdipus
71%
Griechischer Held des Trojanischen KriegesAchilles
68%
Kraftmensch, der zwölf Arbeiten verrichteteHerakles
66%
Anführer der ArgonautenJason
63%
Heros, der die obengenannte Person tötetePerseus
48%
Muss für alle Ewigkeit einen Felsblock
einen Berg hinaufwälzen
Sisyphus
48%
Feuerbringer der SterblichenPrometheus
48%
Hades kidnappte sie, damit sie seine Frau wurdePersephone
46%
Heerführer TrojasHektor
42%
Tötete den MinotaurusTheseus
34%
Trojanischer Herrscher, der nach Italien flüchteteAeneas
31%
Göttin der ZwietrachtEris
27%
Sie wurde als Sternbild an den Himmel versetztAndromeda
19%

Verteilung der Resultate

Perzentil nach korrekt beantworteten Fragen

Anzahl Personen mit jedem Resultat

Ihre Resultats-Entwicklung

Sie haben dieses Quiz noch nicht gespielt